<The> outsourcing process strategies for evaluation and management
Uložené v:
| Hlavný autor: | |
|---|---|
| Médium: | Kniha |
| Jazyk: | English |
| Vydavateľské údaje: |
New York
Cambridge University Press
2005
|
| Predmet: | |
| Tagy: |
Žiadne tagy, Buďte prvý, kto otaguje tento záznam!
|
MARC
| LEADER | 00000nam a2200000 4500 | ||
|---|---|---|---|
| 001 | 0223928 | ||
| 005 | 20221129082848.6 | ||
| 020 | |a 978-0-521-84411-6 | ||
| 020 | |a 0-521-84411-8 | ||
| 041 | 0 | |a eng | |
| 044 | |a US | ||
| 245 | 1 | 0 | |a <The> outsourcing process |b strategies for evaluation and management |c Ronan McIvor |
| 264 | 1 | |a New York |b Cambridge University Press |c 2005 | |
| 300 | |a xii, 326 s. | ||
| 610 | 2 | 0 | |a outsourcing |
| 610 | 2 | 0 | |a offshoring |
| 610 | 2 | 0 | |a manažment |
| 610 | 2 | 0 | |a konkurencia medzinárodná |
| 610 | 2 | 0 | |a štúdie prípadové |
| 100 | 1 | |a McIvor, Ronan | |